Top 50 -- Largest City in Each Country Beginning With 'G' - Statistics

General Stats
  • This quiz has been taken 138 times
  • The average score is 23 of 50
Answer Stats
# Population Country Answer % Correct
3 3,350,000 Guatemala Guatemala City
100%
18 561,947 Italy Genoa
98%
2 5,850,000 Mexico Guadalajara
98%
1 70,100,000 China Guăngzhōu-Shēnzhèn,
98%
17 628,478 Switzerland Geneva
96%
10 1,700,000 United Kingdom Glasgow
96%
15 655,429 Sweden Gothenburg
96%
7 2,200,000 Palestine Gaza
92%
27 364,512 Austria Graz
87%
4 3,300,000 Ecuador Guayaquil
87%
23 487,371 Poland Gdansk
86%
20 534,842 Botswana Gaborone
85%
26 431,920 Belgium Ghent
81%
21 502,161 Spain Granada
81%
9 1,720,000 Turkey Gaziantep
77%
8 2,050,000 Malaysia George Town
77%
25 456,057 France Grenoble
75%
14 735,213 Australia Gold Coast
74%
6 2,450,000 Brazil Goiânia
69%
22 501,802 Belarus Gomel
66%
38 218,105 Netherlands Groningen
63%
11 1,630,000 South Korea Gwangju
61%
5 3,150,000 Pakistan Gujranwala
58%
13 1,170,000 United States Greensboro
52%
29 328,533 Russia Grozny
34%
12 1,540,000 India Gwalior
32%
31 299,100 Azerbaijan Ganja
31%
39 217,851 Romania Galați
30%
34 249,862 DR Congo Goma
29%
40 213,375 Cuba Guantánamo
29%
16 646,172 Philippines General Santos
24%
42 180,476 Canada Guelph
22%
36 235,996 Cameroon Garoua
16%
19 560,000 Nigeria Gombe
15%
49 155,700 Colombia Girón
13%
37 228,725 Haiti Gonaïves
12%
24 466,000 Ethiopia Gonder
12%
32 278,200 Germany Gießen - Wetzlar
10%
44 173,951 Indonesia Gorontalo
8%
50 149,209 Rwanda Gisenyi
7%
47 159,050 Zimbabwe Gweru
6%
28 350,676 Iran Gorgān
4%
43 177,400 Uganda Gulu
3%
45 163,399 Kenya Garissa
2%
35 244,600 Venezuela Guarenas
2%
48 157,754 Egypt Girga
1%
46 160,465 Cote d'Ivoire Gagnoa
0%
30 318,006 Tanzania Geita
0%
41 200,530 Nepal Ghorahi
0%
33 269,395 Sudan Gudaref
0%
No matching quizzes found
Score Distribution
Percent of People with Each Score
Percentile by Number Answered
Your Score History
You have not taken this quiz